| 000 | 00906nam a2200253Ia 4500 | ||
|---|---|---|---|
| 003 | OSt | ||
| 005 | 20220923211548.0 | ||
| 006 | a|||||r|||| 00| 0 | ||
| 007 | ta | ||
| 008 | Pun | ||
| 020 |
_a9789384187910 (hbk) _c300 |
||
| 024 | _a290,295 | ||
| 037 |
_b966, 16/12/2015, H.K. Prakashan _cTextual |
||
| 040 |
_aARTS _cARTS _bPun |
||
| 041 |
_2Pun _aPun |
||
| 082 | _aO153(Y11):g, Q4 | ||
| 100 | _aਹਰਚੰਦਪੁਰੀ, ਪਵਨ, ਥਦ. | ||
| 245 | 0 |
_aਪੰਜਾਬੀ ਬਾਲ ਸਾਹਿਤ _b ਸਥਿੱਤੀ ਸੇਧਾਂ ਅਤੇ ਮੁਲਾਂਕਣ |
|
| 260 |
_aਲੁਧਿਆਣਾ _b ਚੇਤਨਾ ਪ੍ਰਕਾFਨ _c2014 |
||
| 300 |
_a200ਪੰ _ccm. |
||
| 650 | _aਪੰਜਾਬੀ ਸਾਹਿਤ | ||
| 942 |
_hO153(Y11):g, Q4 _cTEXL _2CC |
||
| 999 |
_c300805 _d300805 |
||